Statistics for 1000 Most Popular Baby Names (U.S.) Boys and Girls

Click here to take the quiz!

General Stats

  • This quiz has been taken 12,880 times
  • The average score is 365 of 2000

Answer Stats

RankingName% Correct
684Lina
87%
27John
86%
812Jon
86%
21Jack
81%
60Eli
80%
182Alex
78%
674Chris
78%
169Jesus
78%
68Anna
77%
947Will
77%
6James
76%
322Ali
74%
619Marie
74%
124Mary
74%
653Sam
74%
230Alexa
73%
802Dani
73%
12Michael
73%
281Andre
72%
567Danny
72%
289Lia
72%
94Jose
71%
336Sean
71%
453Shawn
71%
5William
71%
770Ben
70%
133George
70%
2Emma
69%
1Olivia
69%
184Ada
68%
537Bo
68%
14Daniel
68%
115Eliza
68%
720Harry
68%
28David
67%
733Joe
67%
197Olive
67%
252Paul
67%
45Thomas
67%
936Cal
66%
26Joseph
65%
109Maria
65%
30Matthew
65%
80Robert
65%
183Sara
65%
16Elizabeth
64%
18Emily
64%
63Aaron
63%
10Alexander
63%
371Elle
63%
93Eva
63%
107Julia
63%
214Peter
63%
816Carl
62%
46Charles
62%
15Ella
62%
471Eve
62%
235Mark
62%
324Stephen
62%
200Victor
62%
463Allen
61%
789Bria
61%
9Henry
61%
157Isabel
61%
434Jennifer
61%
614Julie
61%
135Katherine
61%
52Andrew
60%
625Anne
60%
7Benjamin
60%
176Dean
60%
526Hanna
60%
113Rose
60%
216Amy
59%
3Ava
59%
417Charli
59%
17Jackson
59%
399Jessica
59%
724Lillie
59%
231Lilly
59%
35Lily
59%
260Louis
59%
96Adam
58%
391 | 486Ari
58%
425Frank
58%
15Jacob
58%
265Jane
58%
411Kate
58%
36Leo
58%
67Luca
58%
457Lucca
58%
25Samuel
58%
41Anthony
57%
47Christopher
57%
827Kristopher
57%
31Luke
57%
317Nico
57%
76 | 440Angel
56%
64Bella
56%
270Brian
56%
4Charlotte
56%
195Edward
56%
208Richard
56%
87Sarah
56%
429Allie
55%
751Lea
55%
466Noa
55%
3Oliver
55%
90Samantha
55%
652Ty
55%
34Victoria
55%
198Eric
54%
28Grace
54%
7Isabella
54%
382Jay
54%
93 | 794Kai
54%
218Lukas
54%
17Sofia
54%
5Sophia
54%
823Allan
53%
357Laura
53%
8Lucas
53%
8Mia
53%
227Rachel
53%
57 | 450Ryan
53%
224Steven
53%
161 | 597Taylor
53%
13Abigail
52%
76Alice
52%
6Amelia
52%
154Ashley
52%
27Chloe
52%
621Christina
52%
804Ellen
52%
168Justin
52%
484Katie
52%
196Leon
52%
1Liam
52%
55Nathan
52%
245Ana
51%
122 | 204Charlie
51%
610Donald
51%
119Jason
51%
82 | 435Jordan
51%
396Joy
51%
508Abby
50%
137Alexandra
50%
80Allison
50%
54Joshua
50%
156Kevin
50%
232Lauren
50%
49Lucy
50%
2 | 876Noah
50%
41Zoe
50%
194Alan
49%
447Amanda
49%
26Aria
49%
267Catherine
49%
275Charlee
49%
29Ellie
49%
38Gabriel
49%
831Karen
49%
205Patrick
49%
135Zachary
49%
62Christian
48%
331Cristian
48%
39Hannah
48%
819Kristian
48%
475Maddison
48%
147Max
48%
87Nicholas
48%
518Phillip
48%
75Sophie
48%
193Timothy
48%
448Danielle
47%
682Kimber
47%
768Lee
47%
336Michelle
47%
557Ronald
47%
130Tyler
47%
71Caroline
46%
13Ethan
46%
70Jonathan
46%
34Julian
46%
586Julien
46%
227Marcus
46%
415Noel
46%
724Ray
46%
250Rebecca
46%
888Rey
46%
58Adrian
45%
288Annie
45%
974Jad
45%
319Jake
45%
710 | 715Jamie
45%
313Kyle
45%
482Leona
45%
126Margaret
45%
174Molly
45%
266Nicole
45%
309 | 483Alexis
44%
401Andy
44%
176Georgia
44%
424Helen
44%
182June
44%
185Kimberly
44%
23Madison
44%
878Meghan
44%
172Theo
44%
148Andrea
43%
858Arian
43%
897Bear
43%
166Brandon
43%
64 | 489Cameron
43%
244Diana
43%
9Evelyn
43%
481Francis
43%
299Kameron
43%
748Kelly
43%
437Stephanie
43%
915Alisson
42%
162Arthur
42%
146Brianna
42%
105Evan
42%
416Frances
42%
83Ian
42%
97Jade
42%
634Leonard
42%
933Mac
42%
292Martin
42%
190Millie
42%
661Mohammad
42%
309Muhammad
42%
639Rosa
42%
633Tony
42%
24Aiden
41%
251Angela
41%
4Elijah
41%
520Erin
41%
433Gregory
41%
231Jeremy
41%
45Leah
41%
825Linda
41%
638Megan
41%
348Melissa
41%
51Natalie
41%
941Nataly
41%
30Nora
41%
251Simon
41%
870Van
41%
201Abraham
40%
513Amber
40%
123Arianna
40%
999Belle
40%
413Daniella
40%
726Jimmy
40%
389Johnny
40%
531Kylee
40%
132Kylie
40%
11Mason
40%
746Tommy
40%
143Daisy
39%
43 | 496Dylan
39%
523Albert
38%
521April
38%
603Bethany
38%
57Claire
38%
646Dennis
38%
988Harris
38%
481Holly
38%
39Isaac
38%
716Jessie
38%
46Lillian
38%
25Penelope
38%
47Addison
37%
414Alicia
37%
426Averie
37%
19 | 212Avery
37%
131Cole
37%
729Eddie
37%
77Gabriella
37%
141Jasmine
37%
895Leanna
37%
14Luna
37%
215Oscar
37%
33 | 258Riley
37%
23Theodore
37%
92Xavier
37%
899Barbara
36%
846Bobby
36%
145Juan
36%
16 | 317Logan
36%
501Mack
36%
61Maya
36%
451Philip
36%
74Ruby
36%
121Vincent
36%
60Audrey
35%
272Bradley
35%
149Carlos
35%
103Clara
35%
464Collin
35%
485Frederick
35%
58Ivy
35%
895Joey
35%
243Kenneth
35%
498Lewis
35%
690Louise
35%
20Mila
35%
193 | 691Morgan
35%
494Nia
35%
22Owen
35%
85 | 440Quinn
35%
970Rome
35%
220Ruth
35%
37Violet
35%
222Annabelle
34%
257Camilla
34%
296Fiona
34%
10Harper
34%
114Harrison
34%
86Josephine
34%
217Kayla
34%
839Keyla
34%
126Nathaniel
34%
822Paula
34%
470Rosie
34%
563Scott
34%
290Angelina
33%
79Ariana
33%
89Austin
33%
210 | 219Blake
33%
257Bryan
33%
78Connor
33%
803Gary
33%
81Hailey
33%
204Hope
33%
153Ivan
33%
203Jesse
33%
258Joanna
33%
207Joel
33%
306Juliet
33%
161 | 887Karter
33%
240Lola
33%
293Maggie
33%
703Monica
33%
677Noe
33%
208Vanessa
33%
380Veronica
33%
181Abel
32%
436Alison
32%
200 | 565Ariel
32%
155 | 856August
32%
237Brooke
32%
33 | 515Carter
32%
88Cora
32%
983Heath
32%
69 | 829Hunter
32%
37Jayden
32%
385Jeffrey
32%
548Jenna
32%
671Kara
32%
675Karla
32%
390Lana
32%
995Melani
32%
635Mohammed
32%
329Nina
32%
95 | 128Parker
32%
149Summer
32%
274Walter
32%
956Brittany
31%
54Brooklyn
31%
497Bruce
31%
22Eleanor
31%
153Esther
31%
178Finn
31%
328Gia
31%
509Helena
31%
121Isabelle
31%
602Jerry
31%
128Jonah
31%
314Kendall
31%
270Lena
31%
485Mira
31%
893Nancy
31%
866 | 904Robin
31%
101Vivian
31%
992Wes
31%
199Alyssa
30%
136Ashton
30%
750Aubrie
30%
171Bailey
30%
109Beau
30%
530 | 944Drew
30%
44Isla
30%
246Jax
30%
75Jeremiah
30%
24Layla
30%
86Leonardo
30%
586Leyla
30%
772Martha
30%
419Paris
30%
256Phoebe
30%
42Stella
30%
48Willow
30%
608Adrianna
29%
180Antonio
29%
56Aubrey
29%
617Carly
29%
451Carolina
29%
164 | 574Elliot
29%
298Erick
29%
419Erik
29%
319Evie
29%
136Faith
29%
359Gabrielle
29%
775Grey
29%
932Harold
29%
833Kase
29%
842Larry
29%
564Lawrence
29%
725Louisa
29%
576Mae
29%
52Naomi
29%
727Penny
29%
312Raymond
29%
801Sky
29%
589Zahra
29%
215Zara
29%
963Zoie
29%
320Alexandria
28%
572Case
28%
650Cassandra
28%
285Colin
28%
907Deborah
28%
311Derek
28%
55Elena
28%
918Elsa
28%
40Emilia
28%
209Gracie
28%
374Hallie
28%
127Iris
28%
154Jude
28%
269Julianna
28%
232Kaleb
28%
769Kallie
28%
226Lila
28%
119Mackenzie
28%
95Madeline
28%
329Mario
28%
278Mckenzie
28%
446Scarlet
28%
241Selena
28%
243Sydney
28%
310Zayn
28%
65Aaliyah
27%
902Alfred
27%
36Aurora
27%
82Autumn
27%
56Caleb
27%
123Chase
27%
297Cody
27%
907Cory
27%
110Damian
27%
277Damien
27%
534Dorothy
27%
511Elisa
27%
762Florence
27%
134Josie
27%
360Kade
27%
596Keith
27%
706Lara
27%
654Lilian
27%
163Lucia
27%
105Melanie
27%
645Melany
27%
84Natalia
27%
19Sebastian
27%
32Zoey
27%
790Adele
26%
560Alanna
26%
573Angelica
26%
74Cooper
26%
212Elise
26%
456Francesca
26%
414Franklin
26%
213Grant
26%
442Jacqueline
26%
18Levi
26%
195 | 872London
26%
679Roger
26%
931Terry
26%
145Valerie
26%
905Valery
26%
32Asher
25%
550Beatrice
25%
165Callie
25%
908Cara
25%
433Carmen
25%
84Carson
25%
521Casey
25%
864Crystal
25%
88Dominic
25%
961Jillian
25%
903Judith
25%
264Karson
25%
72Kennedy
25%
96Lydia
25%
392Marco
25%
722Mitchell
25%
273Paige
25%
320Prince
25%
692Ricky
25%
78Sadie
25%
640Savanna
25%
67Savannah
25%
421Serena
25%
206Alana
24%
734Alexia
24%
628Ander
24%
604Bonnie
24%
264Camille
24%
723Darren
24%
69Delilah
24%
932Flora
24%
591 | 979Frankie
24%
958Gerald
24%
12Gianna
24%
35Grayson
24%
81Greyson
24%
177 | 294Hayden
24%
171King
24%
600Leslie
24%
366Lexi
24%
174Matteo
24%
59Miles
24%
218Payton
24%
98 | 430Peyton
24%
628Rhea
24%
508Shane
24%
998Willie
24%
582Alec
23%
806Amelie
23%
852Annabella
23%
466Archie
23%
72Axel
23%
376Cade
23%
143Calvin
23%
488Danna
23%
533Drake
23%
130 | 490Eden
23%
473Edith
23%
325 | 623Ellis
23%
225Felix
23%
184Graham
23%
819Gwen
23%
51Isaiah
23%
598Johan
23%
486Jonas
23%
487Kaitlyn
23%
137Luis
23%
438Maren
23%
146Maxwell
23%
106Melody
23%
647Michaela
23%
950Natasha
23%
462Poppy
23%
129 | 186River
23%
77Roman
23%
541Rowen
23%
574Roy
23%
634Siena
23%
166Sienna
23%
746Teresa
23%
407Trevor
23%
773Wayne
23%
98Wesley
23%
304Adriana
22%
572Alia
22%
717Brendan
22%
234Bryce
22%
646Chelsea
22%
345Edwin
22%
53Elias
22%
141Gavin
22%
207Gemma
22%
578Gloria
22%
291 | 781Harley
22%
744Hugh
22%
624Irene
22%
368Jared
22%
138Jasper
22%
983Joyce
22%
254Kaden
22%
214Kamila
22%
913Kaylie
22%
760Margo
22%
832Marianna
22%
542Miranda
22%
837Nellie
22%
553Nola
22%
792Tiffany
22%
339Travis
22%
246Vera
22%
187Xander
22%
573Zain
22%
259Zane
22%
831Anders
21%
305Brady
21%
11Camila
21%
823Clare
21%
867Cynthia
21%
613Emmie
21%
516Emmy
21%
612Finnley
21%
31Hazel
21%
188Juliana
21%
271Lucille
21%
163Luka
21%
321Manuel
21%
627Mara
21%
749Neil
21%
411Pedro
21%
432Regina
21%
438Roberto
21%
389Sabrina
21%
605Sasha
21%
434Seth
21%
536Sonny
21%
732Stanley
21%
851Tristen
21%
580Virginia
21%
341Warren
21%
655Wilson
21%
100Adeline
20%
170Alina
20%
871Brodie
20%
179Brody
20%
390Clark
20%
554Davis
20%
854Denisse
20%
672Devon
20%
735Douglas
20%
233Elsie
20%
44 | 721Ezra
20%
546Jada
20%
293Jaden
20%
180Juliette
20%
652Kassidy
20%
68Landon
20%
256Lane
20%
40Lincoln
20%
210Noelle
20%
967Queen
20%
330 | 457Rory
20%
113 | 255Rowan
20%
183Tristan
20%
274Adelaide
19%
261Aidan
19%
211Alejandro
19%
314Angelo
19%
423Bianca
19%
333Blair
19%
915Brett
19%
747Bridget
19%
242Caden
19%
406Cassidy
19%
569 | 977Chandler
19%
221Colt
19%
835Dane
19%
872Denise
19%
351Destiny
19%
384Devin
19%
519Elaine
19%
398Esme
19%
201 | 304Finley
19%
179Freya
19%
960Gordon
19%
381Heidi
19%
418Johnathan
19%
273Jorge
19%
252Kali
19%
99Kayden
19%
117Kaylee
19%
795Lian
19%
345Lilliana
19%
532Macie
19%
618Macy
19%
363Marshall
19%
478Matilda
19%
134Milo
19%
496Moses
19%
202Nicolas
19%
391Ophelia
19%
383Pablo
19%
540Quentin
19%
862Randy
19%
144 | 731Reese
19%
338Ricardo
19%
198Rosalie
19%
540Sierra
19%
875Simone
19%
633Skyla
19%
504Sylvia
19%
416Troy
19%
315Winter
19%
935Ahmir
18%
683Alvin
18%
158Anastasia
18%
307Anderson
18%
108Athena
18%
111Brayden
18%
335Callum
18%
147Cecilia
18%
644Clay
18%
261 | 348Dakota
18%
271 | 630Dallas
18%
426Damon
18%
229Daniela
18%
656Dustin
18%
355Elian
18%
680Ellianna
18%
150Emmanuel
18%
386Felicity
18%
517Haley
18%
413Harvey
18%
674Hayley
18%
424Hugo
18%
79Jameson
18%
48Jaxon
18%
527Kelsey
18%
160Khloe
18%
667Liv
18%
305Mariah
18%
20Mateo
18%
585Meredith
18%
188Miguel
18%
740Miley
18%
662Mina
18%
468Nadia
18%
253Omar
18%
91Piper
18%
514Raphael
18%
114Reagan
18%
445Rosemary
18%
316Spencer
18%
279Tessa
18%
938Trent
18%
769Valentin
18%
349Willa
18%
408Winston
18%
29Wyatt
18%
975Yasmin
18%
199Ace
17%
117Amir
17%
219Andres
17%
649Angie
17%
202Arabella
17%
616Briana
17%
525Corey
17%
415Daphne
17%
916Della
17%
133Elliana
17%
138Eloise
17%
43Everly
17%
296Francisco
17%
367Garrett
17%
482Hank
17%
42Hudson
17%
97Jace
17%
249Javier
17%
50Josiah
17%
551Kendra
17%
757Lance
17%
205Leila
17%
842Lilianna
17%
409Maisie
17%
234Margot
17%
636Marilyn
17%
707Marina
17%
737Maxine
17%
107Micah
17%
61Nolan
17%
38 | 758Nova
17%
226Preston
17%
976Rene
17%
370Russell
17%
874Stefan
17%
268Tobias
17%
678Alberto
16%
883Belen
16%
886Cain
16%
953Carolyn
16%
885Cleo
16%
66Colton
16%
701Curtis
16%
552Derrick
16%
560Dexter
16%
125Diego
16%
393Edgar
16%
328Eduardo
16%
700Eileen
16%
392Elianna
16%
155 | 267Emerson
16%
65Ezekiel
16%
342Fernando
16%
422Heaven
16%
268Jocelyn
16%
546Julio
16%
334Julius
16%
681Katelyn
16%
490Kyla
16%
276Mariana
16%
211 | 942Marley
16%
607Marvin
16%
280Miriam
16%
50Paisley
16%
797Princess
16%
919Reuben
16%
377Romeo
16%
223 | 442Sage
16%
928Shay
16%
63Skylar
16%
337Talia
16%
694Tiana
16%
706Tomas
16%
372Tyson
16%
989Aarya
15%
664Aden
15%
629Ahmed
15%
152Ariella
15%
906Avi
15%
680Brock
15%
352Dahlia
15%
444 | 818Emory
15%
840Eugene
15%
743Greta
15%
644Johanna
15%
611Karina
15%
464Keira
15%
369Kenzie
15%
384Kira
15%
717Lacey
15%
110Liliana
15%
639Lucian
15%
427Mabel
15%
151Norah
15%
826Paulina
15%
773Pearl
15%
238 | 286Phoenix
15%
604Quincy
15%
761Ramon
15%
787Rosalee
15%
579Saul
15%
21Scarlett
15%
845Tori
15%
693Trey
15%
73Valentina
15%
150Valeria
15%
104Weston
15%
567Alma
14%
656Anya
14%
743Aron
14%
112Arya
14%
602Ashlyn
14%
502Augustus
14%
131Ayla
14%
101Bennett
14%
292Cali
14%
458Celine
14%
909Clarissa
14%
288Clayton
14%
338Demi
14%
667Dillon
14%
53Eliana
14%
263Evangeline
14%
237Israel
14%
562Jaime
14%
255Kash
14%
683Laurel
14%
461Liana
14%
660Lionel
14%
66Madelyn
14%
173Maeve
14%
250Maximus
14%
671Nelson
14%
418Raven
14%
465 | 566Skyler
14%
406Solomon
14%
410Stevie
14%
303Thea
14%
759Trace
14%
810Tru
14%
206Walker
14%
934Whitney
14%
520Zachariah
14%
469Adan
13%
142Amara
13%
807Andi
13%
346Arielle
13%
99Brielle
13%
265Cash
13%
784Celia
13%
286Chance
13%
439Conner
13%
985Elisabeth
13%
106Emmett
13%
342Fatima
13%
659Flynn
13%
169Genevieve
13%
120Giovanni
13%
858Halle
13%
175Harmony
13%
707Jefferson
13%
474Jolene
13%
946Jones
13%
194Jordyn
13%
172Juniper
13%
308Kiara
13%
118Lyla
13%
290Malcolm
13%
259Malia
13%
568Mallory
13%
857Maurice
13%
491Maximilian
13%
272Mckenna
13%
429 | 642Milan
13%
242Mya
13%
83Nevaeh
13%
358Niko
13%
588Reece
13%
568Roland
13%
861Rudy
13%
467Skye
13%
280Zander
13%
533Aisha
12%
368Alessandra
12%
284Amira
12%
160Archer
12%
220Arlo
12%
452Astrid
12%
122Ayden
12%
867Aydin
12%
142Bentley
12%
815Braden
12%
132Braxton
12%
91Brooks
12%
709Bruno
12%
353Celeste
12%
617Colby
12%
643Coraline
12%
102Declan
12%
158 | 479Elliott
12%
598Emerie
12%
89 | 738Emery
12%
229Emilio
12%
799Estelle
12%
90Everett
12%
687Faye
12%
331Giselle
12%
111Hadley
12%
310Haven
12%
364Hector
12%
575 | 666Justice
12%
337Kane
12%
452Kian
12%
678Kyra
12%
295Leia
12%
689Marcel
12%
435Matthias
12%
659Opal
12%
562Priscilla
12%
247Rafael
12%
860Rocky
12%
465Ruben
12%
108Ryder
12%
355Rylie
12%
571Samson
12%
116 | 238Sawyer
12%
502Shelby
12%
696Sunny
12%
228Trinity
12%
192Tucker
12%
340Wade
12%
914Wallace
12%
770Winnie
12%
144Zion
12%
747Alfredo
11%
866Aliya
11%
570Amalia
11%
217 | 334Amari
11%
330Amina
11%
788Aya
11%
551Benson
11%
332Brynn
11%
167Camden
11%
266Cayden
11%
591Darius
11%
197Dawson
11%
637Duke
11%
187Ember
11%
957Emerald
11%
459Ford
11%
470Forrest
11%
322Gabriela
11%
112Gael
11%
377Gwendolyn
11%
912Jamal
11%
186Judah
11%
478Kamden
11%
536Kathryn
11%
439Kayleigh
11%
517Kieran
11%
49Maverick
11%
753Melvin
11%
543Mikayla
11%
556Mohamed
11%
423Porter
11%
213Presley
11%
987Reginald
11%
125 | 765Remi
11%
863Rodney
11%
102Rylee
11%
333Tanner
11%
192Teagan
11%
834Theodora
11%
260Vivienne
11%
139Adalyn
10%
354Ainsley
10%
544Alejandra
10%
623Alessandro
10%
641Allyson
10%
140Amaya
10%
835Annika
10%
507Asa
10%
891Blaine
10%
115Bryson
10%
581Cheyenne
10%
402Conor
10%
548Conrad
10%
954Corinne
10%
467Dalton
10%
475Dax
10%
951Dion
10%
374Donovan
10%
978Duncan
10%
73Easton
10%
409Emanuel
10%
503Enrique
10%
731Estella
10%
420Fabian
10%
321Gracelyn
10%
324Harlow
10%
805Ira
10%
830Isabela
10%
631Issac
10%
529Jayson
10%
994Jeffery
10%
583Jemma
10%
765Joelle
10%
720Jolie
10%
615Julieta
10%
139Kaiden
10%
459 | 855Kamryn
10%
923Kelvin
10%
689Kenna
10%
118Kingston
10%
239Kobe
10%
244Kyler
10%
911Lexie
10%
152Lorenzo
10%
990Luisa
10%
170Maddox
10%
394Madeleine
10%
498Maia
10%
985Marlon
10%
713Mathew
10%
556Myra
10%
779Orlando
10%
649Otis
10%
386Otto
10%
262Paxton
10%
682Quinton
10%
933Raquel
10%
681Rex
10%
422Rhys
10%
269Ronan
10%
388Ronin
10%
327 | 870Rylan
10%
71Santiago
10%
70Serenity
10%
100Silas
10%
663Sloan
10%
353Tate
10%
361Wren
10%
676Zeke
10%
808Abdullah
9%
555Abram
9%
285Adaline
9%
624Ahmad
9%
695Aileen
9%
196Alaina
9%
679Alena
9%
501Alessia
9%
963Alistair
9%
441Annalise
9%
224Aspen
9%
528Aurelia
9%
295Bodhi
9%
785Byron
9%
677Cadence
9%
405Camryn
9%
969Cedric
9%
535Charley
9%
303Cruz
9%
369Cyrus
9%
301Dante
9%
802Dash
9%
527 | 894Denver
9%
365Desmond
9%
511Dorian
9%
395Esmeralda
9%
62 | 828Genesis
9%
868Giana
9%
755Hana
9%
425Hattie
9%
736Indie
9%
596Ivanna
9%
599Ivory
9%
395Jaiden
9%
670Janelle
9%
85Jaxson
9%
151Jayce
9%
301Jayla
9%
318Jaylen
9%
862Jaylin
9%
278Jett
9%
1000Kadence
9%
302Kaia
9%
427Kendrick
9%
351Killian
9%
225Laila
9%
400 | 740Leighton
9%
812Livia
9%
771Louie
9%
326Makayla
9%
479Marcos
9%
696Miller
9%
277Myla
9%
281 | 421Oakley
9%
800Ocean
9%
816Ramona
9%
558Raul
9%
937Raya
9%
450Reed
9%
356 | 497Remy
9%
776Sylvie
9%
343 | 493Tatum
9%
977Vance
9%
559Zelda
9%
537Adelina
8%
235Adelyn
8%
222Adonis
8%
221Alani
8%
708Aliana
8%
811Alianna
8%
189Aliyah
8%
703Amos
8%
448Apollo
8%
504Armando
8%
300Atticus
8%
524Baker
8%
167Blakely
8%
595Boston
8%
763Brennan
8%
297Briella
8%
531Callen
8%
610Clementine
8%
716Clyde
8%
347Corbin
8%
312Delaney
8%
599Edison
8%
971Elina
8%
173Enzo
8%
468Esteban
8%
927Etta
8%
94Everleigh
8%
865Felipe
8%
937Franco
8%
889Frida
8%
396Grady
8%
241Griffin
8%
228Holden
8%
734Houston
8%
637Jazmin
8%
306Joaquin
8%
748Junior
8%
557Katalina
8%
494Keegan
8%
59Kinsley
8%
316Lilith
8%
408Luciana
8%
552Lyra
8%
455Maci
8%
428Mathias
8%
124Myles
8%
693Nala
8%
248Nyla
8%
335Octavia
8%
332Odin
8%
326Orion
8%
505Pierce
8%
379Sergio
8%
621Trenton
8%
404Viviana
8%
583Arturo
7%
189Atlas
7%
156Aubree
7%
711Augustine
7%
760Axl
7%
191Barrett
7%
209Beckett
7%
658Bryant
7%
381Caiden
7%
178Catalina
7%
714Chanel
7%
964Cillian
7%
282Cohen
7%
529Colette
7%
407Dream
7%
837Elisha
7%
902Ellison
7%
873Emmeline
7%
787Ernesto
7%
811Forest
7%
477Gage
7%
323Gideon
7%
865Ila
7%
883Jakob
7%
549Jalen
7%
631Jayda
7%
302Jensen
7%
298Journey
7%
792Kellen
7%
897Kiana
7%
357Lawson
7%
299 | 688Lennon
7%
930Leroy
7%
653Liberty
7%
239Lilah
7%
525Lorelai
7%
948Loretta
7%
412 | 959Lyric
7%
157Malachi
7%
841Mavis
7%
539Monroe
7%
967 | 969Murphy
7%
240Nash
7%
914Nathalie
7%
315Reid
7%
159Rhett
7%
783Rio
7%
575Rodrigo
7%
744Rosalia
7%
843Rosalyn
7%
350Samara
7%
800Selene
7%
181Sloane
7%
810Vienna
7%
601Watson
7%
129Ximena
7%
976Zendaya
7%
236Zuri
7%
641Aarav
6%
116Adalynn
6%
906Aila
6%
626Anahi
6%
382Anaya
6%
753Anika
6%
361 | 493Armani
6%
960Artemis
6%
665Ashlynn
6%
483Azalea
6%
248Beckham
6%
669Blaire
6%
852Blaze
6%
262Brooklynn
6%
577Cecelia
6%
371Cesar
6%
365Collins
6%
832Darian
6%
629Davina
6%
289Daxton
6%
973Dayton
6%
446Dominick
6%
941Dominik
6%
249Elaina
6%
701Elodie
6%
449Emelia
6%
965Emmaline
6%
327Evelynn
6%
654Fletcher
6%
916Fox
6%
354Gianni
6%
739Giovanna
6%
308Gunner
6%
625Gustavo
6%
782Haylee
6%
437Ibrahim
6%
349Ismael
6%
341Izabella
6%
480Jamison
6%
474Jase
6%
840Kailey
6%
476Kasen
6%
630Kingsley
6%
236Knox
6%
492Kora
6%
657Laney
6%
92Leilani
6%
291 | 587Lennox
6%
506Lorelei
6%
987Luella
6%
402Makenna
6%
373Malik
6%
632Mariam
6%
974Marisol
6%
430Marlee
6%
555Mckinley
6%
476Meadow
6%
648Melina
6%
757Mikaela
6%
758Naya
6%
781Noemi
6%
370Raelyn
6%
702Rayna
6%
786Rebekah
6%
230 | 360Remington
6%
594Reyna
6%
492Rocco
6%
404 | 767Royal
6%
148Ryker
6%
578Saint
6%
647Samir
6%
398Sullivan
6%
966Terrance
6%
803Thalia
6%
997Turner
6%
619Valentino
6%
103Waylon
6%
776Zayd
6%
397Zayne
6%
935Zola
6%
877Zora
6%
971Abner
5%
358Adelynn
5%
140Adriel
5%
339Alaya
5%
247Alayna
5%
670Alden
5%
784Aldo
5%
253Alivia
5%
363Amora
5%
912Anais
5%
593Ares
5%
834Aryan
5%
768Averi
5%
456Ayaan
5%
903Ayan
5%
387Aylin
5%
728 | 795Bellamy
5%
939Blaise
5%
611Bodie
5%
563 | 755Briar
5%
491Bristol
5%
691Calliope
5%
922Calum
5%
737Casen
5%
662Cason
5%
901Darwin
5%
515Deacon
5%
499 | 868Dior
5%
522Emely
5%
175Emiliano
5%
712Emmalyn
5%
859Fallon
5%
571Fernanda
5%
410Finnegan
5%
965Foster
5%
245Hayes
5%
284Hendrix
5%
711Holland
5%
375Jaxton
5%
791Kace
5%
279Kairo
5%
995Kalel
5%
366Kason
5%
512Keanu
5%
687Kellan
5%
431Kinley
5%
955Kody
5%
594Kyree
5%
223Kyrie
5%
702Lachlan
5%
364Lainey
5%
620Layton
5%
162Londyn
5%
997Magdalena
5%
352Major
5%
344Makenzie
5%
814Mercy
5%
698Milana
5%
821Milena
5%
388Miracle
5%
981Nathalia
5%
603Nikolas
5%
651Nixon
5%
955Paola
5%
417Princeton
5%
809Raina
5%
356 | 643Reign
5%
159Ryleigh
5%
924Samira
5%
472Sarai
5%
300Saylor
5%
454 | 618Shiloh
5%
951Stormi
5%
323 | 576Sutton
5%
165Thiago
5%
343Titus
5%
462Uriel
5%
891Violeta
5%
982Violette
5%
881Zavier
5%
185Zayden
5%
892Addisyn
4%
120Alaia
4%
582Aleah
4%
597Aleena
4%
666Aliza
4%
518Alondra
4%
782Alonso
4%
471Alonzo
4%
601Alora
4%
821Ambrose
4%
871Aniya
4%
514Aviana
4%
385Avianna
4%
849Bailee
4%
771Baylee
4%
824Bode
4%
394Bowen
4%
877Branson
4%
233Brantley
4%
362Brinley
4%
191Brynlee
4%
346Cairo
4%
432Callan
4%
764Caspian
4%
488Cassius
4%
940Coen
4%
350Colson
4%
756Colten
4%
283Crew
4%
822Dario
4%
164Emersyn
4%
742Estrella
4%
982Everest
4%
908Fisher
4%
553Gerardo
4%
313Gracelynn
4%
836Guillermo
4%
752Harlee
4%
894Henrik
4%
829Idris
4%
523Imani
4%
718Jagger
4%
884Jaxx
4%
925Jaylee
4%
778Jazmine
4%
725Jedidiah
4%
989Jericho
4%
850Jianna
4%
275Josue
4%
203Journee
4%
294Kayson
4%
524Kennedi
4%
849Kole
4%
705Krew
4%
900Kylen
4%
127Legend
4%
473Leland
4%
412Luciano
4%
813Madalyn
4%
814Madden
4%
480Madelynn
4%
726Madisyn
4%
177Magnolia
4%
622Malaysia
4%
640Marcelo
4%
503Maryam
4%
216Matias
4%
263Maximiliano
4%
190Messiah
4%
287Milani
4%
506Moises
4%
804Mylo
4%
658Navy
4%
882Noor
4%
566Oaklyn
4%
347Palmer
4%
940Paloma
4%
104Raelynn
4%
590Reina
4%
512Renata
4%
723Roselyn
4%
405Royce
4%
519Ryland
4%
698Salvador
4%
400Sterling
4%
750Westley
4%
375Wynter
4%
651Yara
4%
570Yusuf
4%
669Zaid
4%
749Adalee
3%
469Addilyn
3%
917Addilynn
3%
793Addyson
3%
845Alvaro
3%
660Amani
3%
318Amiyah
3%
704Anakin
3%
311Aniyah
3%
952Ansley
3%
558Antonella
3%
890Aries
3%
751Banks
3%
460Baylor
3%
780Bjorn
3%
686Braelyn
3%
499Braylen
3%
847Bronson
3%
777Brylee
3%
876Camilo
3%
383Cataleya
3%
712Cayson
3%
477Charleigh
3%
972Colter
3%
684Cullen
3%
766Deandre
3%
856Demetrius
3%
848Dilan
3%
931Egypt
3%
718Elyse
3%
554Emberly
3%
986Emmalynn
3%
947Esperanza
3%
372Everlee
3%
945Guadalupe
3%
528Gunnar
3%
686Harlan
3%
993Harleigh
3%
817Hassan
3%
380Iker
3%
890Iliana
3%
799Jaxxon
3%
968Jaycee
3%
549Jayleen
3%
944Jeremias
3%
510Jimena
3%
783Julissa
3%
282Kailani
3%
397Kalani
3%
612 | 694Karsyn
3%
766Kataleya
3%
692Kaydence
3%
690Keaton
3%
168Kehlani
3%
896Khalid
3%
276Khalil
3%
780Kori
3%
809Kye
3%
836Kyleigh
3%
996Kylian
3%
449Kylo
3%
461Kyson
3%
589Landen
3%
879 | 953Landry
3%
713Lauryn
3%
668 | 920Layne
3%
642Leandro
3%
344Leonel
3%
325Madilyn
3%
806Magnus
3%
287Malakai
3%
632Mauricio
3%
754Maximo
3%
458Memphis
3%
420Nayeli
3%
378Nehemiah
3%
547Nikolai
3%
815Novalee
3%
620Oaklee
3%
613Onyx
3%
378Paislee
3%
820Persephone
3%
254Raegan
3%
403Raiden
3%
614Rayan
3%
730Rayden
3%
775Rayne
3%
797Rohan
3%
393Royalty
3%
779Ryann
3%
595Saige
3%
607 | 807Salem
3%
954Salvatore
3%
913Santos
3%
838Scarlette
3%
874Scout
3%
428Selah
3%
927Seven
3%
510Soren
3%
789Thaddeus
3%
636Uriah
3%
736Vincenzo
3%
545Wells
3%
772Westin
3%
431Wilder
3%
606Xiomara
3%
889Zahir
3%
513Zaiden
3%
959Zainab
3%
861Zaria
3%
919Zoya
3%
516Abdiel
2%
920Adler
2%
538Adley
2%
541Ailani
2%
367Aitana
2%
820Alaric
2%
283Alayah
2%
445Alijah
2%
561Amaia
2%
888Amaris
2%
929Amayah
2%
830Ameer
2%
545Amirah
2%
672Analia
2%
401Ariah
2%
579Ariya
2%
559Arjun
2%
901Aspyn
2%
847Aubriella
2%
791Aubrielle
2%
655Avah
2%
759Avalynn
2%
609Axton
2%
966Ayleen
2%
685 | 853Azariah
2%
495Aziel
2%
885Bentlee
2%
818Berkley
2%
848Bexley
2%
980Bishop
2%
825Boden
2%
443Braelynn
2%
896Braylee
2%
535Braylon
2%
925Bridger
2%
436Briggs
2%
616Brixton
2%
606Brycen
2%
884Brynleigh
2%
798Callahan
2%
543Cannon
2%
685Capri
2%
719Carmelo
2%
676Chaya
2%
796Creed
2%
376Daleyza
2%
882Damari
2%
608Dariel
2%
635Elora
2%
978Emani
2%
650Emir
2%
509Emmitt
2%
793Enoch
2%
1000Ephraim
2%
362Ezequiel
2%
699Giuliana
2%
857Hadlee
2%
972Hadleigh
2%
373Haisley
2%
939Halo
2%
657Hamza
2%
911Harlem
2%
584Henley
2%
539Huxley
2%
472Isaias
2%
565Itzel
2%
909Jacoby
2%
899Jair
2%
984Jaxen
2%
922Jovie
2%
879Judson
2%
869Kaiser
2%
454Kaison
2%
387 | 946Kamari
2%
534Kannon
2%
638Kareem
2%
441Kashton
2%
340Kaylani
2%
561Kaysen
2%
990Keenan
2%
763Keilani
2%
453Kensley
2%
733Khaleesi
2%
587Koa
2%
590Koda
2%
444Kolton
2%
526Kylan
2%
850Kyro
2%
622Landyn
2%
785Laylah
2%
996Laylani
2%
626Ledger
2%
500 | 767Legacy
2%
917Leif
2%
455Leonidas
2%
727Lochlan
2%
764Lyanna
2%
592Lylah
2%
994Madalynn
2%
507Madilynn
2%
918Maison
2%
495Malani
2%
668Malaya
2%
741Marcellus
2%
722Marleigh
2%
921Marlowe
2%
986Maxton
2%
745Musa
2%
745Mylah
2%
721Nathanael
2%
403Nylah
2%
860Oakleigh
2%
307Oaklynn
2%
500Omari
2%
863Paisleigh
2%
627Ridge
2%
999Rogelio
2%
664Romina
2%
542Santana
2%
443Santino
2%
741Saoirse
2%
605Shepherd
2%
487Stetson
2%
788Talon
2%
839Thatcher
2%
673Titan
2%
484Tripp
2%
817Vada
2%
938Veda
2%
762Vicente
2%
738Waverly
2%
898Wrenley
2%
505Yaretzi
2%
708Yosef
2%
864Yousef
2%
460Zariah
2%
880Ainhoa
1%
964Aislinn
1%
774Alaiya
1%
699Amias
1%
828Amoura
1%
992Araceli
1%
379Ariyah
1%
742Atreus
1%
930Avayah
1%
929Azrael
1%
774Benicio
1%
577Boone
1%
853Brayan
1%
790Brecken
1%
950Canaan
1%
893Castiel
1%
697Chaim
1%
798Chana
1%
801Crosby
1%
948Damir
1%
949Dangelo
1%
981Davian
1%
943Davion
1%
609Dayana
1%
735Dulce
1%
873Eithan
1%
752Eliel
1%
993Eliezer
1%
588Ensley
1%
958Freyja
1%
777Gatlin
1%
936Giavanna
1%
898Graysen
1%
673Hadassah
1%
956Hakeem
1%
709Harmoni
1%
581Hezekiah
1%
841Ishaan
1%
754Itzayana
1%
910Iyla
1%
489Izaiah
1%
952Jabari
1%
854Jadiel
1%
979Jaelynn
1%
878Jakari
1%
838Jakobe
1%
584Jamari
1%
663Jamir
1%
585Jaxtyn
1%
399Jayceon
1%
732Jaylah
1%
580Jaziel
1%
547Jazlyn
1%
926Jenesis
1%
705Journi
1%
961Jovanni
1%
739Joziah
1%
826Juelz
1%
824Kairi
1%
756Kaisley
1%
980Kaiya
1%
564Kaliyah
1%
962Kamdyn
1%
827Kamilah
1%
688Kamiyah
1%
851Keily
1%
923Kenia
1%
904Kenji
1%
544Kenzo
1%
962Kimora
1%
728Kinslee
1%
645Kohen
1%
710Korbin
1%
991Korbyn
1%
892Kyng
1%
695Langston
1%
881Lilyana
1%
550Makai
1%
949Malayah
1%
869Maleah
1%
463Maliyah
1%
973Marceline
1%
998Mazikeen
1%
926Mccoy
1%
886Meilani
1%
778Mekhi
1%
934Mordechai
1%
538Moshe
1%
593Nalani
1%
359Nasir
1%
887Niklaus
1%
569Novah
1%
910Osiris
1%
855Promise
1%
615Raylan
1%
945Riggs
1%
805Rivka
1%
844Sariah
1%
833Sariyah
1%
761Sevyn
1%
928Shepard
1%
592Sylas
1%
715Tinsley
1%
729Treasure
1%
957Truett
1%
875Ulises
1%
843Wesson
1%
942Whitley
1%
975Xzavier
1%
880Yahir
1%
522Zaire
1%
697Zariyah
1%
661Zaylee
1%
924Zechariah
1%
921Zev
1%
968Zyair
1%
665Dakari
0%
943Dalary
0%
786Eliseo
0%
648Ermias
0%
704Galilea
0%
530Jaliyah
0%
719Janiyah
0%
532Jasiah
0%
859Kabir
0%
900Khalani
0%
675Khari
0%
794Kiaan
0%
808Kynlee
0%
796Leilany
0%
813Misael
0%
970Nyomi
0%
984Paityn
0%
600Sincere
0%
700Tadeo
0%
714Vihaan
0%
988Yamileth
0%
846Yareli
0%
844Yehuda
0%
905Zakai
0%
730Zaniyah
0%
991Zhuri
0%
447Zyaire
0%

Score Distribution

Percentile by Number Answered

Percent of People with Each Score

Your Score History

You have not taken this quiz